| 000 | 00677nam a22002537a 4500 | ||
|---|---|---|---|
| 003 | UA-OsUOA | ||
| 001 | 22794 | ||
| 007 | ta | ||
| 008 | 20031225b un ||||| |||| 00| 0 ukr d | ||
| 100 | _aСведенборг Эммануил | ||
| 090 |
_a215 _bС24 |
||
| 942 | _cBK | ||
| 040 |
_aUA-OsUOA _brus _cUA-OsUOA _dUA-OsUOA |
||
| 245 | _aМудрость Ангельская о Божественной Любви и Божественной Мудрости | ||
| 300 | _a368 с. | ||
| 955 | _a0 | ||
| 041 | _arus | ||
| 080 | _a215 | ||
| 020 | _a966-521-023-7 | ||
| 260 |
_aКиев _bНика-Центр _c1997 |
||
| 044 | _aUA | ||
| 650 | 7 | _2UDC | |
| 999 |
_c309023 _d309023 |
||